Papsttum und Päpste im 20. Jahrhundert: von Leo XIII. zu Johannes Paul II.

Saved in:  
Bibliographic Details
Main Author: Schwaiger, Georg 1925-2019 (Author)
Format: Print Book
Language:German
Subito Delivery Service: Order now.
Check availability: HBZ Gateway
WorldCat: WorldCat
Interlibrary Loan:Interlibrary Loan for the Fachinformationsdienste (Specialized Information Services in Germany)
Published: München Beck 1999
In:Year: 1999
Reviews:Papsttum und Päpste im 20. Jahrhundert. Von Leo XIII. zu Johannes Paul II (2002) (Denzler, Georg, 1930 -)
[Rezension von: Schwaiger, Georg, Papsttum und Päpste im 20. Jahrhundert: von Leo XIII. zu Johannes Paul II] (2001) (Ward, W. Reginald)
Standardized Subjects / Keyword chains:B Pope / History 1878-1978
B History 1878-1978
Further subjects:B Johannes XXIII
B John Paul II
B Papstgeschichte
B Pius X
B History 1846-1998
B Johannes Paul I
B Paul VI
B Pope
B Benedikt XV
B papal history
B Pius XII
B Biography
B Johannes Paul II
B Benedict XV
B John Paul I
B Papacy History
B Pius XI
B John XXIII
B Leo XIII
Online Access: Table of Contents

MARC

LEADER 00000cam a2200000 c 4500
001 271455934
003 DE-627
005 20251222212050.0
007 tu
008 990712s1999 gw ||||| 00| ||ger c
015 |a 99,N30,0110  |2 dnb 
015 |a 99,A41,0345  |2 dnb 
016 7 |a 956274331  |2 DE-101 
020 |a 3406448925  |9 3-406-44892-5 
035 |a (DE-627)271455934 
035 |a (DE-576)078457599 
035 |a (DE-599)DNB956274331 
035 |a (OCoLC)264186467 
035 |a (DE-604)8126533830 
040 |a DE-627  |b ger  |c DE-627  |e rakwb 
041 |a ger 
044 |c XA-DE 
082 0 |a 262/.13/0904 
084 |a REL 873  |2 sfb 
084 |a 12  |a 63  |2 sdnb 
084 |a 1  |2 ssgn 
084 |a BO 5960  |2 rvk  |0 (DE-625)rvk/14662: 
084 |a BO 1225  |2 rvk  |0 (DE-625)rvk/13927: 
084 |a BO 6850  |2 rvk  |0 (DE-625)rvk/14786: 
084 |a 11.54  |2 bkl 
090 |a a 
100 1 |0 (DE-588)118921843  |0 (DE-627)079698921  |0 (DE-576)163003491  |4 aut  |a Schwaiger, Georg  |d 1925-2019 
109 |a Schwaiger, Georg 1925-2019 
245 1 0 |a Papsttum und Päpste im 20. Jahrhundert  |b von Leo XIII. zu Johannes Paul II.  |c Georg Schwaiger 
264 1 |a München  |b Beck  |c 1999 
300 |a 543 S.  |b Ill.  |c 22 cm 
336 |a Text  |b txt  |2 rdacontent 
337 |a ohne Hilfsmittel zu benutzen  |b n  |2 rdamedia 
338 |a Band  |b nc  |2 rdacarrier 
505 8 |a Literaturverz. S. [417] - 418 
583 1 |a Archivierung/Langzeitarchivierung gewährleistet  |f SSG  |x XA-DE-BW  |2 pdager  |5 DE-21 
650 4 |a Papstgeschichte 
650 4 |a Benedikt XV 
650 4 |a Johannes XXIII 
650 4 |a Johannes Paul I 
650 4 |a Johannes Paul II 
650 4 |a papal history 
650 4 |a Leo XIII 
650 4 |a Pius X 
650 4 |a Benedict XV 
650 4 |a Pius XI 
650 4 |a Pius XII 
650 4 |a John XXIII 
650 4 |a Paul VI 
650 4 |a John Paul I 
650 4 |a John Paul II 
650 4 |a Biography 
650 4 |a Geschichte 1846-1998  |7 (dpeaa)DE-2491 
650 4 |a Papst  |7 (dpeaa)DE-2491 
653 0 |a a  |a Papacy  |a History 
655 7 |a Biografie  |0 (DE-588)4006804-3  |0 (DE-627)104213493  |0 (DE-576)208867147  |2 gnd-content 
689 0 0 |d s  |0 (DE-588)4044561-6  |0 (DE-627)10450157X  |0 (DE-576)209061464  |2 gnd  |a Papst 
689 0 1 |q z  |2 gnd  |a Geschichte 1878-1978 
689 0 |5 DE-101 
689 1 0 |q z  |2 gnd  |a Geschichte 1878-1978 
689 1 |5 (DE-627) 
787 0 8 |i Rezensiert in  |a Denzler, Georg, 1930 -   |t Papsttum und Päpste im 20. Jahrhundert. Von Leo XIII. zu Johannes Paul II  |d 2002  |w (DE-627)1797915894 
787 0 8 |i Rezensiert in  |a Ward, W. Reginald  |t [Rezension von: Schwaiger, Georg, Papsttum und Päpste im 20. Jahrhundert: von Leo XIII. zu Johannes Paul II]  |d 2001  |w (DE-627)1817500791 
856 4 2 |u http://d-nb.info/956274331/04  |m B:DE-101  |q pdf/application  |v 20161127003401  |x Verlag  |3 Inhaltsverzeichnis  |7 1 
935 |a mteo 
935 |i sf 
935 |i Blocktest 
936 r v |a BO 5960  |b Allgemeines  |k Theologie und Religionswissenschaften  |k Patrologie und Kirchengeschichte  |k Kirchengeschichte nach Perioden  |k Von der Französischen Revolution bis Pius XII. (1789-1958)  |k Darstellungen  |k Papsttum  |k Allgemeines  |0 (DE-627)1270748807  |0 (DE-625)rvk/14662:  |0 (DE-576)200748807 
936 r v |a BO 1225  |b Papstgeschichte  |k Theologie und Religionswissenschaften  |k Patrologie und Kirchengeschichte  |k Hand- und Lehrbücher sowie Gesamtdarstellungen  |k Papstgeschichte  |0 (DE-627)1270743295  |0 (DE-625)rvk/13927:  |0 (DE-576)200743295 
936 r v |a BO 6850  |b Zusammenfassende und allgemeine Darstellungen  |k Theologie und Religionswissenschaften  |k Patrologie und Kirchengeschichte  |k Kirchengeschichte nach Perioden  |k Seit Johannes XXIII. (seit 1958)  |k Darstellungen  |k Papsttum und Kurie  |k Zusammenfassende und allgemeine Darstellungen  |0 (DE-627)1270751751  |0 (DE-625)rvk/14786:  |0 (DE-576)200751751 
936 b k |a 11.54  |j Katholizismus  |0 (DE-627)106402668 
951 |a BO 
ELC |b 1 
ITA |a 1  |t 1 
LOK |0 000 xxxxxcx a22 zn 4500 
LOK |0 001 3102665187 
LOK |0 003 DE-627 
LOK |0 004 271455934 
LOK |0 005 20091225052003 
LOK |0 008 990922||||||||||||||||ger||||||| 
LOK |0 040   |a DE-21  |c DE-627  |d DE-21 
LOK |0 852   |a DE-21 
LOK |0 852 1  |c 39 A 11512  |m p  |9 00 
LOK |0 852 2  |b LS  |9 00 
LOK |0 852 1  |c theol H 197  |9 01 
LOK |0 935   |a theo  |a alls 
LOK |0 936ln  |a t3.4 
LOK |0 938   |k p 
LOK |0 939   |a 22-09-99  |b l01 
LOK |0 000 xxxxxcx a22 zn 4500 
LOK |0 001 3102665276 
LOK |0 003 DE-627 
LOK |0 004 271455934 
LOK |0 005 20100408181011 
LOK |0 008 030328||||||||||||||||ger||||||| 
LOK |0 040   |a DE-21-35  |c DE-627  |d DE-21-35 
LOK |0 541   |e 03/227 
LOK |0 852   |a DE-21-35 
LOK |0 852 1  |c Ke 25.03  |m p  |9 00 
LOK |0 938   |k p 
LOK |0 938   |l K6  |8 0 
LOK |0 939   |a 28-03-03  |b l01 
ORI |a SA-MARC-ixtheoa001.raw 
REF |a Papstgeschichte 
STA 0 0 |a Pope,Pope,Papacy,Popes 
STB 0 0 |a Pape,Pape,Papes 
STC 0 0 |a Papa,Papa 
STD 0 0 |a Papa,Papa,Papato 
STE 0 0 |a 教宗,教宗,教皇,教皇 
STF 0 0 |a 教宗,教宗,教皇,教皇 
STG 0 0 |a Papa,Papa 
STH 0 0 |a Папа римский (мотив),Папа римский 
STI 0 0 |a Πάπας (μοτίβο),Πάπας 
SYE 0 0 |a Papstdarstellung,Bischof von Rom,Päpste,Papsttum,Papa 
SYG 0 0 |a Papstdarstellung,Bischof von Rom,Päpste,Papsttum,Papa 
TIM |a 100018780101_100019781231  |b Geschichte 1878-1978